Kniha ako prostriedok výchovy vedúci k prosociálnemu správaniu žiakov mladšieho školského veku

Podrobná bibliografia
Hlavní autori: Šuhajdová, Ivana, 1983- (Autor), Štefeková, Júlia (Autor)
Médium: Článok
Jazyk:slovenčina
ISSN:1335-2733
Predmet:

MARC

LEADER 00000nab a2200000 4500
001 vtls012144589
003 SK-MaSNL
005 20260304215309.0
008 220722|2022 xo |||| ||an ||00 0|slo
015 |a SNBRB2022/07 
040 |a SPKCL  |b slo  |e rda 
041 |a slo  |b slo  |b eng 
044 |a xo  |c SK 
072 7 |a 316.4/.7  |x Sociálne interakcie  |2 konspekt 
072 7 |a 82-93  |x Literatúra pre deti (o nej)  |2 konspekt 
080 |a 82-93:316.772-053.2  |2 2011 
100 1 |a Šuhajdová, Ivana,  |d 1983-  |4 aut  |9 233417 
245 1 0 |a Kniha ako prostriedok výchovy vedúci k prosociálnemu správaniu žiakov mladšieho školského veku  |c Ivana Šuhajdová, Júlia Štefeková 
246 3 1 |a Book as a means of education leading to prosocial behaviour of pupils of younger school age 
336 |a text  |b txt  |2 rdacontent 
337 |a bez média  |b n  |2 rdamedia 
338 |a zväzok  |b nc  |2 rdacarrier 
504 |a Obsahuje bibliografiu 
546 |a Slovenské a anglické resumé 
546 |a Súbežný názov v angličtine 
650 0 7 |a čítanie  |2 SNKPH  |9 1654 
650 0 7 |a sociálne správanie  |2 SNKPH  |9 4927 
650 0 7 |a žiaci  |2 SNKPH  |9 16621 
650 0 7 |a primárne vzdelávanie  |2 SNKPH  |9 182208 
650 0 7 |a literatúra pre deti a mládež  |2 SNKPH  |9 21893 
700 1 |a Štefeková, Júlia  |4 aut  |9 1549867 
773 0 |t Naša škola  |g Roč. 25, č. 9-10 (2021/22), s. 19-28  |x 1335-2733 
856 4 1 |a www.pamiko.sk 
958 |a NB 
999 |c 3145813  |d 3147743